Normal view
MARC view
- West, John B.
Entry Personal Name
001 - CONTROL NUMBER
- control field: 112003
003 - CONTROL NUMBER IDENTIFIER
- control field: NUST
005 - DATE AND TIME OF LATEST TRANSACTION
- control field: 20230428151253.0
008 - FIXED-LENGTH DATA ELEMENTS
- fixed length control field: 230428|| aca||aabn | a|a d
040 ## - CATALOGING SOURCE
- Original cataloging agency: NUST
- Transcribing agency: NUST
100 ## - HEADING--PERSONAL NAME
- Personal name: West, John B.
- Fuller form of name: (John Burnard)
670 ## - SOURCE DATA FOUND
- Source citation: Work cat.: (NUST)0: West, John B. (John Burnard), Respiratory physiology-- the essentials /, c1995.
